书目信息 |
| 题名: |
动态图像分析
|
|
| 作者: | 李智勇 著 | |
| 分册: | ||
| 出版信息: | 北京 国防工业出版社 1999 |
|
| 页数: | 257页 | |
| 开本: | 20cm | |
| 丛书名: | ||
| 单 册: | ||
| 中图分类: | TN919.8 | |
| 科图分类: | ||
| 主题词: | 图象通信 | |
| 电子资源: | ||
| ISBN: | 7-118-02011-7 | |
| 000 | 00565nam0 2200205 450 | |
| 001 | 0539410546 | |
| 005 | 20051031110010.21 | |
| 010 | @a7-118-02011-7@b精装@dCNY17.00 | |
| 092 | @aCN | |
| 100 | @a20051031d1999 km y0chiy0120 ea | |
| 101 | 0 | @achi |
| 102 | @aCN@b110000 | |
| 200 | 1 | @a动态图像分析@Adong tai tu xiang fen xi@f李智勇等著@Fli zhi yong deng zhu |
| 210 | @a北京@c国防工业出版社@d1999 | |
| 215 | 1 | @a257页@d20cm |
| 606 | 0 | @a图象通信 |
| 690 | @aTN919.8@v4 | |
| 701 | 0 | @a李智勇@Ali zhi yong@4著 |
| 801 | 0 | @aCN@bPFT@c20051031 |
| 905 | @a10447@dTN919.8@e51 | |
| 动态图像分析/李智勇等著.-北京:国防工业出版社,1999 |
| 257页;20cm |
| ISBN 7-118-02011-7(精装):CNY17.00 |
| ● |
| 相关链接 |
|
|
|
|
正题名:动态图像分析
索取号:TN919.8/51
 
预约/预借
| 序号 | 登录号 | 条形码 | 馆藏地/架位号 | 状态 | 备注 |
| 1 | 0337352 | 203373526 | 第二样本阅览室/ [索取号:TN919.8/51] | 在馆 | |
| 2 | 0337353 | 203373535 | 第三借阅区/ [索取号:TN919.8/51] | 在馆 | |
| 3 | 0337354 | 203373544 | 第三借阅区/ [索取号:TN919.8/51] | 在馆 |